000 00664nam a2200241Ia 4500
999 _c53144
_d53144
001 20183
003 GE_BSU
005 20250714170050.0
008 181216s2000||||enk|||||||||||||| ||eng||
020 _a9780194366663
040 _cGE_BSU
041 _ageo
080 _a811.111(075.8) S-70
100 _aSoars Liz & John
_925643
245 _aNew Headway. Elementary Workbook with key. English Course /
_cSoars Liz & John.
264 _aNew York :
_bOxford University Press,
_c2000.
300 _a96 p. ;
_c29 cm.
541 _h10 gel.
653 _aNew Headway
653 _a Elementary Workbook with key
653 _aEnglish Course
942 _cBK
_2udc